[Event "Wch U16"]
[Site "Kemer"]
[Date "2009.11.16"]
[Round "6"]
[White "Enslin, Stefan"]
[Black "Gameel, Mohamed"]
[Result "0-1"]
[WhiteElo "1832"]
[BlackElo "2189"]
[PlyCount "70"]
[EventDate "2009.11.12"]
[EventType "swiss"]
[EventRounds "11"]
[EventCountry "TUR"]
[SourceTitle "EXT 2010"]
[Source "ChessBase"]
[SourceDate "2010.11.25"]
[SourceVersion "1"]
[SourceVersionDate "2010.11.25"]
[SourceQuality "1"]

1. d4 d5 2. Nf3 Nf6 3. e3 e6 4. Bd3 c5 5. c3 b6 6. Nbd2 Bb7 7. 0-0 Nbd7 8. Re1 Ne4 9. Nf1 Bd6 10. N3d2 0-0 11. f3 Nef6 12. e4 e5 13. dxe5 Bxe5 14. Kh1 Qc7 15. exd5 Nxd5 16. Nc4 Bf4 17. Qc2 g6 18. Bd2 f5 19. Nce3 Nxe3 20. Bxe3 c4 21. Be2 b5 22. Rad1 Bxe3 23. Nxe3 Rae8 24. Nd5 Qc5 25. Nf4 Ne5 26. Rd4 Re7 27. Red1 Rfe8 28. b3 Nc6 29. R4d2 Ne5 30. h4 Qe3 31. Rd4 Nc6 32. Nd5 Nxd4 33. Nxe7+ Rxe7 34. Bxc4+ bxc4 35. cxd4 c3 0-1

[Event "Wch U16"]
[Site "Kemer"]
[Date "2009.11.15"]
[Round "4"]
[White "Kurayan, Ruslan"]
[Black "Gameel, Mohamed"]
[Result "1/2-1/2"]
[WhiteElo "2306"]
[BlackElo "2189"]
[PlyCount "63"]
[EventDate "2009.11.12"]
[EventType "swiss"]
[EventRounds "11"]
[EventCountry "TUR"]
[SourceTitle "EXT 2010"]
[Source "ChessBase"]
[SourceDate "2010.11.25"]
[SourceVersion "1"]
[SourceVersionDate "2010.11.25"]
[SourceQuality "1"]

1. c4 e5 2. Nc3 Nc6 3. g3 g6 4. Bg2 Bg7 5. Rb1 a5 6. a3 d6 7. b4 axb4 8. axb4 Nf6 9. b5 Ne7 10. Nf3 0-0 11. 0-0 h6 12. d3 Be6 13. Bb2 Qd7 14. Qb3 Bh3 15. Bxh3 Qxh3 16. Nd5 Nexd5 17. cxd5 Ng4 18. Rfc1 f5 19. Rc4 Rf7 20. Qd1 e4 21. dxe4 fxe4 22. Rxe4 Bxb2 23. Rxb2 Rxf3 24. Rxg4 Rxf2 25. Rxg6+ Kh7 26. Kxf2 Qxh2+ 27. Ke3 Kxg6 28. Qd3+ Kg5 29. Kd2 Qf2 30. Rc2 Ra4 31. Qe3+ Qxe3+ 32. Kxe3 1/2-1/2